| 000 | 01763nam a2200241Ia 4500 | ||
|---|---|---|---|
| 999 |
_c51676 _d51676 |
||
| 001 | 18667 | ||
| 003 | GE_BSU | ||
| 005 | 20220920164518.0 | ||
| 008 | 181216s2008||||ge |||||||||||||| ||geo|| | ||
| 040 | _cGE_BSU | ||
| 041 | _ageo | ||
| 080 | _a53 ტ-20 | ||
| 100 |
_aტაკიძე, ი. _910510 |
||
| 245 |
_aგაბნეული ელექტრომაგნიტური ტალღების სტატისტიკური მახასიათებლების შესწავლა ტურბულენტურ დაჯახებად პლაზმურ გარემოში : დისერტაცია / _cირმა ტაკიძე; სამეცნიერო ხელმძღვანელი ჯანდიერი გ., დიასამიძე ; ბათუმის შოთა რუსთაველის სახელმწიფო უნივერსიტეტი. |
||
| 264 |
_aბათუმი, _b _c2008. |
||
| 300 |
_a132 გვ.; _b30 სმ. |
||
| 653 | _aგაბნეული ელექტრომაგნიტური ტალღების სტატისტიკური მახასიათებლების შესწავლა ტურბულენტურ დაჯახებად პლაზმურ გარემოში | ||
| 653 | _aფიზიკა | ||
| 653 | _aდისერტაცია | ||
| 700 |
_aჯანდიერი გ. _eსამეცნიერო ხელმძღვანელი _911871 |
||
| 710 |
_aბათუმის შოთა რუსთაველის სახელმწიფო უნივერსიტეტი. _911872 |
||
| 942 |
_cBK _2udc |
||